El Concepto de salud en la reforma: implicaciones operativas para una atención integral /

Gardado en:
Detalles Bibliográficos
Autor Principal: Villalobos, Luis Bernardo
Formato: Texto
Materias:
Etiquetas: Engadir etiqueta
Sen Etiquetas, Sexa o primeiro en etiquetar este rexistro!

MARC

LEADER 00000 a a2200000 04500
001 17374
003
040
100 |a Villalobos, Luis Bernardo  
245 |a El Concepto de salud en la reforma:   |b implicaciones operativas para una atención integral /  |c Luis Bernardo Villalobos 
650 |a REFORMA SOCIAL  
650 |a POLITICA SOCIAL  
650 |a SALUD  
650 |a ADMINISTRACION DE LA SALUD  
650 |a POLITICA DE SALUD  
650 |a SERVICIOS DE SALUD  
650 |a ATENCION PRIMARIA DE LA SALUD  
773 |g número 1; páginas 299-336  
999 |c 27627  |d 27627